[Event "1st Irena Warakomska Memorial"]
[Site "Suwalki"]
[Date "2017.08.13"]
[Round "4"]
[White "Sandipan, Chanda"]
[Black "Grib, Roman"]
[Result "1/2-1/2"]
[WhiteElo "2568"]
[BlackElo "2427"]
[Annotator "TA"]
[PlyCount "67"]
[EventDate "2017.??.??"]
[EventType "swiss"]
[EventCountry "POL"]
[SourceTitle "playchess.com"]
[Source "ChessBase"]
[SourceQuality "1"]

{[%evp 15,67,-15,-8,-10,35,43,44,33,32,19,47,39,44,0,0,-8,0,-12,-12,-11,-4,-12,-12,-13,0,-7,-12,-21,8,0,0,0,0,-28,-38,-35,-33,-25,-25,-51,-12,-21,-15,-20,13,0,0,-29,-30,-87,-87,-87,-87,-87]} 1. g3 Nf6 2. Bg2 d5 3. d3 g6 4. f4 c5 5. Nf3 Nc6 6. O-O Bg7 7. c3 O-O 8. Na3 Rb8 9. Ne5 {A03: Bird's Opening with 1...d5} (9. Qe1 b5 10. Nc2 b4 11. Ne5 Nxe5 12. fxe5 Ng4 13. cxb4 cxb4 14. d4 Qb6 15. e3 Bf5 16. Qd1 Rbc8 {½-½ (37) Nakamura,H (2741)-Svidler,P (2722) Moscow 2010}) 9... Bd7 10. Nxd7 Qxd7 11. e4 $1 {[%cal Be2e4,Be4e5,Be5e6][%mdl 32] White is slightly better.} d4 12. c4 Ng4 $146 ({Predecessor:} 12... Ne8 13. g4 f5 14. gxf5 gxf5 15. Bh3 e6 16. e5 Kh8 {0-1 (58) Hedin,G (2176)-Kokeza,M (2154) Novi Sad 2017}) 13. e5 Ne3 14. Bxe3 $1 dxe3 15. Qe2 f6 16. e6 Nd4 17. Qxe3 Qd6 18. Kh1 f5 19. Rac1 Kh8 20. Nc2 b5 21. b3 a5 22. Nxd4 Bxd4 23. Qe2 a4 24. Rb1 axb3 25. axb3 Rb6 {[%cal Bb8b6,Bb6a6,Ba6a2,Ba2e2][%mdl 32]} 26. Bd5 Ra6 27. g4 fxg4 28. Qxg4 Ra2 29. Rf3 Rf5 30. Rbf1 {aiming for Rh3.} (30. Rh3 $5 {[%cal Rg4g6]} Qxf4 31. Qxf4 Rxf4 32. cxb5 $11) 30... bxc4 $40 {[%mdl 128] Black is up to no good.} 31. dxc4 Qa6 32. h3 (32. Be4 $11 Rh5 33. h3) 32... Re2 $17 {[%mdl 1024] Black has strong compensation.} 33. Rg3 Qa2 {[%csl Ga2][%cal Re2h2] [#]} 34. Rg2 {Precision: White = 50%, Black = 72%.} 1/2-1/2

[Event "1st Irena Warakomska Memorial"]
[Site "Suwalki"]
[Date "2017.08.13"]
[Round "4"]
[White "Kveinys, Aloyzas"]
[Black "Krzyzanowski, Marcin"]
[Result "1/2-1/2"]
[WhiteElo "2548"]
[BlackElo "2464"]
[Annotator "TA"]
[PlyCount "114"]
[EventDate "2017.??.??"]
[EventType "swiss"]
[EventCountry "POL"]
[SourceTitle "playchess.com"]
[Source "ChessBase"]
[SourceQuality "1"]

{[%evp 11,114,0,7,11,0,9,12,-56,-13,-45,-43,-43,-45,-43,-50,-46,-48,-44,-37,-32,-22,-16,-13,-11,-17,-37,-16,-83,-69,-101,-109,-113,-123,-102,-105,-108,-87,-85,-78,-134,-77,-85,-85,-88,-69,-97,-71,-77,-77,-107,-93,-118,-75,-77,-68,-95,-95,-95,-95,-95,-95,-95,-95,-95,-95,-95,-95,-95,-80,-80,-80,-80,-80,-80,0,-80,-72,-69,-74,-75,-75,-94,-94,-94,-94,-94,-94,-94,-94,-94,-94,-94,-94,-94,-55,-55,-55,-55,-55,-61,-61,-61,-55,-55,-55]} 1. d4 Nf6 2. c4 e6 3. Nc3 Bb4 4. Qc2 O-O 5. a3 Bxc3+ 6. Qxc3 d5 7. cxd5 {E36: Nimzo-Indian: Classical: 4...d5 5 a3} (7. Bg5 dxc4 8. Qxc4 b6 9. Rd1 Ba6 10. Qa4 h6 11. Bh4 Qd7 12. Qc2 Qc6 13. Qxc6 Nxc6 14. Bxf6 gxf6 15. Nf3 {½-½ (72) Morozevich,A (2675)-Navara,D (2737) Biel 2017}) 7... Ne4 8. Qc2 exd5 9. e3 {[#]} (9. Bf4 $11) 9... c5 $1 {[%mdl 512]} 10. f3 $146 (10. dxc5 Bf5) ({Predecessor:} 10. dxc5 Bf5 11. Bd3 Nc6 12. Nf3 Qa5+ 13. Ke2 Rfe8 14. Rd1 Bg4 15. b4 Qc7 16. h3 Bxf3+ 17. gxf3 {0-1 (25) Benitah,Y (2428)-Monsieux,C (2297) France 2009}) 10... Qh4+ 11. g3 {[#]} Nxg3 $1 {[%mdl 512]} 12. Qf2 (12. hxg3 Qxh1) 12... Nf5 {White must now prevent ...Qe7.} 13. Qxh4 Nxh4 14. dxc5 a5 15. Bd2 Nd7 16. Rc1 Ne5 17. Kf2 Bf5 18. Be2 Rfc8 $36 {[%mdl 2048] Black fights for an advantage.} 19. h3 (19. Kg3 $1 $11 Nhg6 20. h4) 19... Rc6 20. Rh2 {[#]} Bd3 $1 21. Bc3 Rxc5 22. Re1 Bxe2 23. Bxe5 Bd3 {And now ...Rc2+ would win.} 24. Bc3 Nf5 25. Rd1 (25. Ne2 $142) 25... Bc4 (25... Bb5 $142 26. Re1 Re8) 26. Rg2 g6 27. e4 Ng7 28. h4 Ne6 29. Nh3 Rd8 30. Bf6 Re8 31. Kg3 Bb3 32. Rd3 a4 33. Nf4 Nxf4 34. Kxf4 dxe4 35. fxe4 Bc2 36. Rd8 Rxd8 37. Bxd8 $17 {[%mdl 4096] Endgame KRB-KRB} Rc4 38. Bf6 Bxe4 39. Rd2 {[%cal Rd2d8]} Bb1+ 40. Kg5 {[%cal Rd2d8]} Rc5+ 41. Kg4 {[%cal Rd2d8]} Rc8 42. Kg5 Rc5+ 43. Kg4 {[%cal Rd2d8]} h5+ 44. Kg3 {White threatens Rd8+ and mate.} Rc8 45. Kf4 Ba2 46. Rd8+ Rxd8 47. Bxd8 {KB-KB} Kf8 48. Ke5 Ke8 49. Bg5 Kd7 50. Bd2 Kc6 51. Bb4 Kb5 52. Kd4 g5 53. hxg5 {Black is slightly better.} h4 54. Ke3 Be6 55. Kf2 Kc4 56. Kg1 b5 57. Bc3 Kd3 {Precision: White = 61%, Black = 56%.} 1/2-1/2

[Event "1st Irena Warakomska Memorial"]
[Site "Suwalki"]
[Date "2017.08.13"]
[Round "4"]
[White "Mihok, Oliver"]
[Black "Stoma, Pawel"]
[Result "1-0"]
[WhiteElo "2534"]
[BlackElo "2348"]
[Annotator "TA"]
[PlyCount "67"]
[EventDate "2017.??.??"]
[EventType "swiss"]
[EventCountry "POL"]
[SourceTitle "playchess.com"]
[Source "ChessBase"]
[SourceQuality "1"]

{[%evp 18,67,41,33,49,33,50,15,26,25,14,13,23,37,22,22,31,24,75,85,98,74,124,98,170,131,179,148,205,210,260,261,448,443,423,404,412,397,770,771,5389,5306,2702,2557,1840,1541,1270,1318,1318,1285,1169,979]} 1. e4 c6 2. Nc3 d5 3. Nf3 Bg4 4. h3 Bxf3 5. Qxf3 e6 6. d3 Nf6 7. Bd2 Nbd7 8. g4 h6 9. O-O-O {B11: Caro-Kann: Two Knights Variation} (9. h4 Qb6 10. O-O-O Ne5 11. Qe2 d4 12. Nb1 c5 13. f4 Nc6 14. Bh3 Nd7 15. g5 c4 16. g6 O-O-O 17. gxf7 {1-0 (47) Lu,S (2614)-Andreikin,D (2743) Moscow 2016}) 9... Bb4 10. a3 {LiveBook: 3 Games} Ba5 11. h4 {White is slightly better.} d4 12. Nb1 Bxd2+ 13. Nxd2 Qc7 14. Be2 $146 ({Find the theoretical novelty and annotate with similar games:} 14. g5 Ne5 15. Qg2 Nh5 16. Nc4 Nf4 {0-1 (29) Snitselaar,G-Aberlenc,T ICCF email 2006}) 14... Nf8 (14... h5 $5) 15. g5 $36 {[%mdl 2048] White fights for an advantage.} N6d7 16. gxh6 Rxh6 17. h5 Rh7 (17... g6 $11) 18. Rdg1 $16 b5 19. Rh3 Qd6 20. Qg2 O-O-O (20... e5 $16) 21. f4 e5 {[#]} 22. Bg4 $1 {And now Nf3 would win.} Ne6 (22... exf4 $16 23. Nf3 Rh6) 23. fxe5 $18 Qxe5 24. Nf3 Qd6 $2 {[#]} (24... Qc7 {keeps fighting.}) 25. e5 $1 {[%mdl 512]} Nxe5 26. Nxe5 Qxe5 27. Qxc6+ Kb8 $2 {[#]} (27... Qc7 28. Qxb5 Qb7) 28. Bf3 $1 {[%csl Gf3][%cal Rc6b7] White is clearly winning.} Qe3+ 29. Kb1 {[%csl Gf3][%cal Rc6b7]} Qxg1+ 30. Ka2 {[%csl Gf3][%cal Rc6b7]} Rd5 31. Bxd5 {[%csl Gd5][%cal Rc6b7]} Nd8 32. Qa8+ Kc7 33. Qxa7+ Kd6 34. Be4 {Precision: White = 77%, Black = 31%.} 1-0

[Event "1st Irena Warakomska Memorial"]
[Site "Suwalki"]
[Date "2017.08.13"]
[Round "4"]
[White "Kanarek, Marcel"]
[Black "Mastrovasilis, Dimitrios"]
[Result "1/2-1/2"]
[WhiteElo "2530"]
[BlackElo "2596"]
[Annotator "TA"]
[PlyCount "46"]
[EventDate "2017.??.??"]
[EventType "swiss"]
[EventCountry "POL"]
[SourceTitle "playchess.com"]
[Source "ChessBase"]
[SourceQuality "1"]

{[%evp 9,46,21,19,16,26,29,35,37,37,30,35,30,33,34,37,29,33,32,29,28,29,7,27,27,28,31,22,-4,0,0,0,0,10,0,0,0,2,0,0]} 1. e4 e5 2. Nf3 Nc6 3. Bb5 Nf6 4. d3 Bc5 5. Bxc6 dxc6 6. Nbd2 {C65: Ruy Lopez: Berlin Defence (3...Nf6), unusual lines and 4 0-0 Bc5} Bg4 7. h3 Bxf3 8. Qxf3 {White is slightly better.} Nd7 9. O-O Qe7 10. Nc4 f6 11. Bd2 O-O $146 ({Predecessor:} 11... b6 12. a3 O-O 13. b4 Bd6 14. Ne3 Kh8 15. h4 Rf7 16. h5 {½-½ (48) Sutovsky,E (2665)-Fressinet,L (2718) Khanty-Mansiysk 2010}) 12. a3 {[%cal Ba2a3,Ba3a4][%mdl 32]} (12. b4 $5 Bd4 13. Rab1 $14) 12... Rfd8 13. b4 Bd4 14. Rab1 Nf8 15. a4 {[#] Hoping for c3.} a6 16. Na5 Rab8 17. Qg4 Qf7 18. b5 {The position is equal.} cxb5 19. axb5 axb5 20. Rxb5 Bb6 21. Nc4 Bd4 22. Na5 Bb6 23. Nc4 Bd4 {Precision: White = 64%, Black = 77%.} 1/2-1/2

[Event "1st Irena Warakomska Memorial"]
[Site "Suwalki"]
[Date "2017.08.13"]
[Round "4"]
[White "Gleizerov, Evgeny"]
[Black "Plichta, Kamil"]
[Result "1/2-1/2"]
[WhiteElo "2519"]
[BlackElo "2341"]
[Annotator "TA"]
[PlyCount "67"]
[EventDate "2017.??.??"]
[EventType "swiss"]
[EventCountry "POL"]
[SourceTitle "playchess.com"]
[Source "ChessBase"]
[SourceQuality "1"]

{[%evp 27,67,11,22,25,15,14,27,-2,11,6,12,-18,-26,-43,4,0,1,-20,0,-5,0,0,0,0,22,22,36,8,28,0,0,0,0,0,0,0,0,0,0,0,0,-47]} 1. d4 Nf6 2. c4 g6 3. Nc3 Bg7 4. e4 d6 5. Nf3 O-O 6. Be2 e5 7. O-O Nc6 8. d5 Ne7 9. Nd2 a5 10. a3 Bd7 11. Rb1 a4 12. b4 axb3 13. Nxb3 b6 14. Ra1 Ba4 {LiveBook: 5 Games. E97: King's Indian: Classical Main Line (6...e5 7 0-0 Nc6): 8 Be3 and 8 d5 Ne7, not 9 Ne1} 15. Nxa4 (15. f3 Nd7 16. Nxa4 Rxa4 17. Bd3 Qa8 18. Qe2 Kh8 19. Bb2 f5 20. Bc2 Ra7 21. Rae1 f4 22. Ra1 {½-½ (62) Ivanchuk,V (2755)-Morozevich,A (2760) Thessaloniki 2013}) 15... Rxa4 16. Bd3 {[#]} Qe8 $146 ({Find the theoretical novelty and annotate with similar games:} 16... Qa8 17. Nd2 Nd7 18. Nb1 Nc5 19. Nc3 Ra6 20. Bc2 Kh8 21. Nb5 Qd8 22. Bb2 {0-1 (64) Ftacnik,L (2550)-Kupreichik,V (2545) Cuxhaven 1992}) 17. g3 Nd7 (17... b5 $5 18. Nd2 bxc4 $11) 18. Bb2 f5 19. exf5 Nxf5 20. Qc2 Ra8 (20... e4 $5 21. Bxe4 Bxb2 $17) 21. Rae1 Qf7 22. Re4 Bh6 23. Re2 Rae8 24. a4 Ra8 25. Ra1 Bg5 26. Bc3 h5 27. a5 bxa5 28. Rxa5 (28. Bxa5 {is interesting.} Ra7 29. Rf1 Bh6 30. Bc3 h4 31. Na5) 28... h4 {Hoping for ...hxg3.The position is equal.} 29. Rxa8 Rxa8 30. Nd2 hxg3 31. hxg3 Bxd2 32. Qxd2 Nc5 33. Bc2 Qf6 34. Bd1 {Precision: White = 50%, Black = 38%.} 1/2-1/2

[Event "1st Irena Warakomska Memorial"]
[Site "Suwalki"]
[Date "2017.08.13"]
[Round "4"]
[White "Jarmula, Lukasz"]
[Black "Warakomski, Tomasz"]
[Result "1/2-1/2"]
[WhiteElo "2457"]
[BlackElo "2536"]
[Annotator "TA"]
[PlyCount "76"]
[EventDate "2017.??.??"]
[EventType "swiss"]
[EventCountry "POL"]
[SourceTitle "playchess.com"]
[Source "ChessBase"]
[SourceQuality "1"]

{[%evp 14,76,0,-18,0,27,14,20,-2,-84,-72,-77,-77,-155,-147,-133,-145,-265,-266,-246,-154,-163,-156,-166,-128,-149,-98,-159,-106,-112,-95,-100,-65,-51,-56,-73,-56,-100,-73,-160,-156,-115,-52,-91,0,0,0,-46,-45,-104,-8,-56,-64,-88,0,0,0,0,0,0,0,0,0,0,0]} 1. e4 c6 2. d4 d5 3. e5 Bf5 4. Nc3 a6 5. Be3 e6 6. g4 {B12: Caro-Kann: Advance Variation} Bg6 7. Nge2 c5 8. dxc5 {LiveBook: 9 Games} h5 $146 ({Predecessor:} 8... Nd7 9. f4 Bxc5 10. Bxc5 Nxc5 11. Qd4 Qh4+ 12. Ng3 Rc8 13. O-O-O Qxg4 {0-1 (28) Muzychuk,A (2533)-Malakhatko,V (2610) Wroclaw 2009}) 9. Nf4 Ne7 10. gxh5 Bf5 11. Qe2 (11. Na4 $11 {keeps the balance.}) 11... Nbc6 $17 12. O-O-O Qa5 13. Bh3 (13. a3 $142) 13... Bxh3 14. Nxh3 Nf5 15. Bd2 {[#]} (15. Qg4 $17) 15... d4 $1 $19 {[%cal Rd4c3]} ({Less strong is} 15... Bxc5 16. Kb1 $17) ({Weaker is} 15... Qxc5 16. h6 $17) 16. Nb1 Qxc5 17. Rhe1 Rc8 {[%mdl 1024] Black has strong compensation.} 18. Na3 b5 19. Nf4 Be7 (19... Na7 $142 20. Nd3 Qc7) 20. Nd3 (20. Kb1 $142) 20... Qd5 (20... Qb6 $142 21. Kb1 Nb8) 21. Kb1 $17 Qd7 22. Rg1 Bxa3 23. bxa3 Nce7 24. Nf4 Qc7 25. Bb4 Nc6 26. Nd3 ({White should play} 26. c3) 26... Nxb4 27. axb4 a5 (27... Qc3 $17) 28. Nf4 Qb6 (28... axb4 $17 29. Qxb5+ Ke7 30. Qxb4+ Ke8 31. Qb5+ Kf8) 29. Rg5 $1 $11 Rc4 30. Rxf5 exf5 31. e6 $1 {[#] Qe5 is the strong threat.} Qd6 (31... Rxb4+ $17 32. Kc1 Qd6) 32. exf7+ Kxf7 33. Nd3 {And now Ne5+ would win.} Rxb4+ (33... Re8 $17 34. Qf3 Qe6) 34. Nxb4 {The position is equal.} Qxb4+ 35. Kc1 $1 Qa3+ 36. Kb1 Qb4+ 37. Kc1 $1 Qa3+ (37... Re8 $5 {[%cal Re8e2]} 38. Qf3 Re5 $11) 38. Kb1 Qb4+ {Precision: White = 44%, Black = 41%.} 1/2-1/2

[Event "1st Irena Warakomska Memorial"]
[Site "Suwalki"]
[Date "2017.08.13"]
[Round "4"]
[White "Barski, Radoslaw"]
[Black "Zielinski, Wojciech"]
[Result "1/2-1/2"]
[WhiteElo "2444"]
[BlackElo "2105"]
[Annotator "TA"]
[PlyCount "94"]
[EventDate "2017.??.??"]
[EventType "swiss"]
[EventCountry "POL"]
[SourceTitle "playchess.com"]
[Source "ChessBase"]
[SourceQuality "1"]

{[%evp 14,94,26,24,43,35,67,61,69,77,91,88,85,60,60,42,51,45,44,47,52,49,64,64,76,58,79,50,53,24,27,20,21,25,22,34,35,8,8,3,3,0,4,14,10,0,0,0,0,0,4,0,7,0,0,0,0,0,37,0,0,0,0,0,0,0,0,0,0,0,0,0,0,0,0,0,0,0,0,0,0,0,0]} 1. e4 e6 2. d4 d5 3. Nd2 dxe4 4. Nxe4 Nd7 {[%cal Bb8d7,Bd7f6,Bf6d5][%mdl 32]} 5. Nf3 Ngf6 6. Nxf6+ Nxf6 7. Be3 Nd5 {C10: French with 3 Nc3: Unusual Black 3rd moves and 3...dxe4} (7... Bd6 8. Bd3 O-O 9. Qe2 b6 10. O-O-O Bb7 11. Kb1 Nd5 12. Bd2 Nf4 13. Bxf4 Bxf4 14. Be4 Bxe4 15. Qxe4 Qf6 16. Rd3 Rad8 17. Rhd1 a5 18. g3 {½-½ (18) Shankland,S (2676)-Cordova,E (2645) Matanzas 2017}) 8. Bd2 {LiveBook: 54 Games} Be7 9. Bd3 Bf6 {White is slightly better.} 10. c3 $146 ({Find the theoretical novelty and annotate with similar games:} 10. c4 Nb6 11. Be3 c6 12. Qc2 h6 13. h4 Qe7 {½-½ (49) Villanyi,L (1811)-Erky,T (1531) Hungary 2015}) 10... Qd6 11. Qe2 Nf4 12. Bxf4 $1 Qxf4 13. g3 Qd6 14. O-O-O Bd7 15. Be4 O-O-O 16. Ne5 Bxe5 17. dxe5 Qc5 18. Qf3 Qxe5 19. Bxb7+ Kb8 20. Rd4 (20. Ba6 $5 {[%cal Rf3b7]} Qg5+ 21. Kc2 Qf5+ 22. Qxf5 exf5 23. Rhe1 $14) 20... c5 21. Ba6 {[%csl Ga6][%cal Rf3b7] [#]} (21. Ba8 $5 {[%cal Rf3b7]} Bc8 22. Rdd1 $14) 21... Qc7 $1 22. Rd6 $1 Bc8 23. Rxd8 Rxd8 24. Bxc8 Kxc8 $11 {[%mdl 4096] Endgame KQR-KQR} 25. Qa8+ Qb8 $1 $132 {[%cal Rb8a8][%mdl 2048] Black puts up resistance} 26. Qc6+ Qc7 27. Qa8+ (27. Qa6+ {is interesting.} Qb7 28. Qxb7+ Kxb7 29. Kc2 Rd5 30. Re1) 27... Qb8 $1 {[%cal Rb8a8]} 28. Qxb8+ Kxb8 {KR-KR} 29. Rd1 Rd5 30. Kc2 Kc7 31. Re1 Kd6 32. Re4 Re5 33. Rxe5 Kxe5 {KP-KP} 34. Kd3 {Kc4 is the strong threat.} Kd5 35. b4 a6 36. a4 cxb4 {The position is equal.} 37. cxb4 e5 38. g4 e4+ 39. Kc3 f6 40. h4 g6 $1 41. b5 axb5 42. axb5 Kc5 43. b6 Kxb6 44. Kd4 Kc6 45. Kxe4 Kd6 46. f3 Ke6 47. Kd4 Kd6 {Precision: White = 58%, Black = 77%.} 1/2-1/2

[Event "1st Irena Warakomska Memorial"]
[Site "Suwalki"]
[Date "2017.08.13"]
[Round "4"]
[White "Zawadzka, Jolanta"]
[Black "Paszewski, Mateusz"]
[Result "1-0"]
[WhiteElo "2420"]
[BlackElo "2321"]
[Annotator "TA"]
[PlyCount "101"]
[EventDate "2017.??.??"]
[EventType "swiss"]
[EventCountry "POL"]
[SourceTitle "playchess.com"]
[Source "ChessBase"]
[SourceQuality "1"]

{[%evp 22,101,22,25,47,41,41,39,48,30,37,31,36,39,69,72,66,64,67,45,89,57,93,98,96,93,100,88,99,89,131,79,92,56,52,53,191,196,193,183,173,183,178,181,196,206,190,199,257,257,257,257,312,301,282,278,277,277,437,439,479,485,479,462,460,432,388,296,391,391,383,376,476,462,489,481,1064,988,692,1141,658,792]} 1. e4 c5 2. Nf3 g6 3. d4 cxd4 4. Qxd4 Nf6 5. e5 Nc6 6. Qa4 Nd5 7. Qe4 Nb6 {B27: Sicilian: 2 Nf3, unusual Black 2nd moves} 8. Nc3 d5 (8... Bg7 9. Bf4 d5 10. exd6 Bf5 11. Qe2 O-O 12. O-O-O exd6 13. Rxd6 Qc8 14. Qb5 Re8 15. h4 {½-½ (30) Saric,I (2666)-Hou,Y (2673) Wijk aan Zee 2015}) 9. exd6 Bf5 10. Qe2 Qxd6 11. Nb5 Qb8 12. Nbd4 {LiveBook: 4 Games} Bg7 13. Nxf5 gxf5 14. g3 O-O 15. Bh3 e6 $146 16. O-O Nd5 17. Rd1 Nf6 18. Bf4 Qc8 19. c3 Rd8 20. Bg2 Ne4 21. Ng5 Nxg5 22. Bxg5 Rxd1+ 23. Rxd1 Qc7 24. Qc4 Rc8 25. Be3 Qe7 26. Qa4 ({White should play} 26. Bxc6 {Hoping for Bc5.} bxc6 27. Bc5) 26... a6 $16 27. Qc4 b5 28. Qc5 Bf8 (28... Qxc5 $14 29. Bxc5 Bf6) 29. Qb6 $18 ({And not} 29. Bxc6 Qxc5 30. Bxc5 Rxc6 $11) 29... Nb8 30. Bb7 $36 {[%mdl 2048] White is really pushing.} Rc7 31. Bxa6 Nxa6 32. Qxa6 Rd7 33. Rxd7 Qxd7 34. Qa8 Kg7 (34... Qd5 {keeps fighting.} 35. Qxd5 exd5) 35. Bd4+ f6 {[#]} 36. Bxf6+ $1 {[%mdl 512]} Kxf6 37. Qxf8+ {[%mdl 4096] Endgame KQ-KQ} Kg6 38. Qc5 Qd1+ 39. Kg2 f4 (39... Qe2 $142 40. Qe3 Qc4) 40. Qc6 Qe2 41. Qf3 Qxb2 42. Qg4+ Kf7 43. Qxf4+ Kg7 44. Qb4 Qe2 45. a4 bxa4 46. Qxa4 e5 47. Qa7+ {White is clearly winning.} Kg8 48. Qe3 Qb5 (48... Qb2 $142 49. Qg5+ Kf7 50. Qxe5 Qb7+ 51. Kh3 Qd7+ 52. Kh4 Qd3) 49. Qe4 Qc5 50. c4 Kg7 51. Qd5 {Precision: White = 72%, Black = 40%.} 1-0

[Event "1st Irena Warakomska Memorial"]
[Site "Suwalki"]
[Date "2017.08.13"]
[Round "4"]
[White "Sagar, Shah"]
[Black "Mulet, Piotr"]
[Result "1-0"]
[WhiteElo "2397"]
[BlackElo "2295"]
[Annotator "ChessBase"]
[PlyCount "107"]
[EventDate "2017.??.??"]
[EventType "swiss"]
[EventCountry "POL"]
[SourceTitle "playchess.com"]
[Source "ChessBase"]
[SourceQuality "1"]
[TimeControl "40/5400+30:1800+30"]

1. c4 Nf6 2. Nc3 d5 3. cxd5 Nxd5 4. g3 g6 5. Bg2 Nb6 6. d3 Bg7 7. Be3 O-O 8. Qd2 Nc6 9. Bxc6 bxc6 10. Bh6 c5 11. Bxg7 Kxg7 12. Nf3 Bb7 13. Qe3 c4 14. Rd1 Bxf3 15. exf3 Qd6 16. dxc4 Nxc4 17. Rxd6 Nxe3 18. Rc6 Nc2+ 19. Kd2 Nd4 20. Rxc7 Rfd8 21. Kc1 Nxf3 22. Rxe7 Rd2 23. Re2 Rad8 24. Rhe1 Rxe2 25. Rxe2 Nxh2 26. Re7 a6 27. Ra7 Rd6 28. Ne4 Rc6+ 29. Kd2 h6 30. b4 g5 31. Nc5 Rf6 32. Ke2 Ng4 33. f3 Ne5 34. Rxa6 Rxf3 35. Nd7 Rf5 36. Ra5 Nc6 37. Rxf5 Nd4+ 38. Kf2 Nxf5 39. a4 h5 40. b5 Nd6 41. b6 Nb7 42. Ne5 Kf6 43. Nc6 Ke6 44. a5 Nxa5 45. Nxa5 Kd7 46. b7 Kc7 47. Nc6 Kxb7 48. Nd8+ Kc7 49. Nxf7 g4 50. Nh6 Kd6 51. Nf5+ Ke5 52. Ng7 h4 53. gxh4 Kf4 54. Nh5+ 1-0

[Event "1st Irena Warakomska Memorial"]
[Site "Suwalki"]
[Date "2017.08.13"]
[Round "4"]
[White "Kaczmarek, Aleksander"]
[Black "Bartel, Mateusz"]
[Result "0-1"]
[WhiteElo "2368"]
[BlackElo "2608"]
[Annotator "TA"]
[PlyCount "52"]
[EventDate "2017.??.??"]
[EventType "swiss"]
[EventCountry "POL"]
[SourceTitle "playchess.com"]
[Source "ChessBase"]
[SourceQuality "1"]

{[%evp 15,52,-33,-33,-85,-91,-114,-122,-107,-100,-152,-98,-129,-131,-137,-119,-175,-168,-205,-212,-223,-222,-213,-225,-247,-244,-485,-490,-727,-722,-769,-784,-1708,-1710,-1785,-1659,-29984,-607,-29981,-2658]} 1. e4 c6 2. d4 d5 3. e5 Bf5 4. Ne2 e6 5. Ng3 Bg6 6. h4 h5 7. Ne2 {B12: Caro-Kann: Advance Variation} (7. Be2 c5 8. dxc5 Bxc5 9. Nd2 Nc6 10. Nb3 Bb6 11. Bxh5 Bxh5 12. Nxh5 Qc7 13. Bf4 g6 14. Ng3 Nxe5 15. Qd2 O-O-O {0-1 (25) Naiditsch,A (2702)-Bologan,V (2680) Kishinev 2012}) 7... c5 8. Nf4 Bf5 {LiveBook: 3 Games} 9. Nxh5 (9. c4 $15) 9... Nc6 $17 10. Ng3 $146 ({Predecessor:} 10. Bd3 Bxd3 11. cxd3 cxd4 12. Bg5 Qa5+ 13. Kf1 Nxe5 14. Rh3 Qa6 15. Kg1 Nh6 16. Qe2 Ng6 17. Nd2 Rc8 18. Nb3 Nf5 19. g4 Nd6 20. Nxd4 Ne4 21. dxe4 {1-0 (19) Heaven,P (1919)-Paterson,A (2037) England 2014}) 10... Rxh4 11. Rxh4 Qxh4 12. Bb5 (12. Nxf5 $142 exf5 13. Nc3) 12... cxd4 ({Better is} 12... Nge7 {And now ...a6 would win.} 13. Nd2 Bg4) 13. Nd2 Bg4 14. Nf3 {[#]} Bxf3 $1 15. Qxf3 (15. gxf3 $17 Rc8 16. f4) 15... Nge7 $19 16. Bd2 a6 17. Be2 Ng6 18. Qb3 O-O-O ({Much less strong is} 18... Ngxe5 19. Qxb7 Ra7 20. Qc8+ Qd8 21. Qxd8+ Kxd8 22. O-O-O $17) 19. Qa4 Ngxe5 20. b3 $2 (20. O-O-O {keeps fighting.}) 20... Kb8 21. Rb1 (21. O-O-O $142 Bd6 22. Kb1) 21... Bd6 22. Nf1 Qe4 23. b4 d3 {[%csl Gd3][%cal Re4e2,Bd4d3,Bd3c2][%mdl 32] [#]} 24. Ng3 dxc2 25. Rc1 Nd3+ 26. Kf1 Bxg3 {Precision: White = 36%, Black = 98%.} 0-1